Statistics for Morgan Wallen Charting Songs (Billboard Hot 100)

Click here to take the quiz!

General Stats

  • This quiz has been taken 62 times
    (23 since last reset)
  • The average score is 13 of 23

Answer Stats

AlbumWeeks OnPeakArtist(s)Song% Correct
Dangerous: The Double Album24 Weeks#6Morgan Wallen7 Summers
80%
Dangerous: The Double Album14 Weeks#9Morgan WallenWasted on You
80%
If I Know Me20 Weeks#49Morgan Wallen ft. Florida Georgia LineUp Down
80%
If I Know Me36 Weeks#16Morgan WallenChasin' You
73%
Dangerous: The Double Album11 Weeks#32Morgan WallenSand In My Boots
73%
Diplo Presents Thomas Wesley21 Weeks#39Diplo presents Thomas Wesley ft. Morgan WallenHeartless
73%
Dangerous: The Double Album13 Weeks#25Morgan WallenSomebody's Problem
67%
Dangerous: The Double Album32 Weeks#15Morgan WallenMore Than My Hometown
67%
Dangerous: The Double Album10 Weeks#52Morgan WallenCover Me Up
67%
If I Know Me27 Weeks#17Morgan WallenWhiskey Glasses
67%
Dangerous: The Double Album1 Week#90Morgan Wallen ft. Chris StapletonOnly Thing That's Gone
60%
Dangerous: The Double Album8 Weeks#45Morgan WallenStill Goin Down
60%
Dangerous: The Double Album5 Weeks#46Morgan Wallen865
60%
Dangerous: The Double Album1 Week#92Morgan WallenThis Bar
53%
Dangerous: The Double Album4 Weeks#62Morgan WallenDangerous
53%
Dangerous: The Double Album5 Weeks#42Morgan WallenWarning
53%
Dangerous: The Double Album1 Week#63Morgan WallenNeon Eyes
53%
Dangerous: The Double Album2 Weeks#74Morgan WallenLivin' the Dream
47%
Dangerous: The Double Album1 Week#86Morgan Wallen ft. Ben BurgessOutlaw
47%
Dangerous: The Double Album1 Week#83Morgan WallenWhiskey'd My Way
40%
Dangerous: The Double Album1 Week#84Morgan WallenYour Bartender
33%
Dangerous: The Double Album1 Week#66Morgan WallenMore Surprised Than Me
20%
Dangerous: The Double Album1 Week#93Morgan WallenWanderin' Bout the Wind
7%

Score Distribution

Percentile by Number Answered

Percent of People with Each Score

Your Score History

You have not taken this quiz since the last reset